000 00749nam a2200205Ia 4500
003 IT-RoPAU
005 20220918175723.0
008 120407s9999 xx 000 0 und d
040 _aIT-RoPAU
_c20140509153039.0
040 _cIT-RoPAU
041 _aita
100 _aPie Discepole del Divin Maestro
_924315
245 _aCostituzioni.
_bCapitolo Generale Speciale - 1969.
260 _c1973
_aAlba
_bPDDM
300 _a166 p.
_c17 cm
490 _aEdizioni Paoline
520 _aIndice generale Premessa Fonti Sigle La vocazione e la missione della Pia Discepola Vita di preghiera Vita consacrata Vita di comunità Vita apostolica Formazione della Pia Discepola Governo e ammistrazione Le costituzioni
942 _cBK
_2ddc
999 _c26843
_d26843